000 00910cam a2200277 4500
001 ABS65652
008 020624n2002 000 0 eng u
035 _a(Sirsi) u118509
100 _aSeidl, A.
245 _aSpecial report: EG 100
260 _c2002
490 _aEstates Gazette
_v(0222) 1 June 2002, 41-9(9)
520 _aResults of the sixth survey of the Uk's top commercial surveyors. Strong residential figures help FPDSavills again top the overall league table for takings. Also outlined are the rankings for turnover, investment, agency and fee-earners.
590 _aABS
650 _aLEAGUE TABLES
650 _aTURNOVER
650 _aINVESTMENT
650 _aFEE EARNERS
650 _aAGENCY
650 _aRANKINGS
650 _aPROFITS
650 _aCOMMERCIAL AGENCY
690 _aMANAGEMENT-BUSINESS MANAGEMENT-PROFESSIONAL PRACTICE
700 _aBill, P.
942 _n0
999 _c70555
_d70555